| 000 | 00333 a2200133 4500 | ||
|---|---|---|---|
| 003 | Nust | ||
| 005 | 20170207171647.0 | ||
| 040 | _cNust | ||
| 082 | _a799 | ||
| 245 | _aPantomine-2016, Photographs-2016 | ||
| 260 |
_aRawalpindi _bMCS _c21-05-2016 |
||
| 610 | _a103-Pantomine-2016.Photograph-2016 DVD No.26 (Vol-VI) | ||
| 651 | _aSweet Memories-MCS | ||
| 942 | _cBK | ||
| 999 |
_c218281 _d218281 |
||